| 000 | 00750nam a2200145Ia 4500 | ||
|---|---|---|---|
| 008 | 100122s9999 xx 000 0 und d | ||
| 082 |
_b56802 _a822.08 |
||
| 100 | _aसाळवी दिलीप | ||
| 245 | _aडायनासॉर आपल्याकडे एकच पृथ्वी आहे आणि इतर एकांकिका | ||
| 260 |
_bअनुबंध प्रकाशन _c1999 |
||
| 300 | _a48 | ||
| 630 | _aडायनासॉर आपल्याकडे एकच पृथ्वी आहे आणि इतर एकांकिका | ||
| 730 | _aडायनासॉर आपल्याकडे एकच पृथ्वी आहे आणि इतर एकांकिका | ||
| 942 | _cBOOK | ||
| 999 |
_c433151 _d433148 |
||